Dark side of the moon (Record no. 249613)
[ view plain ]
| 000 -LEADER | |
|---|---|
| fixed length control field | 01841nam a22003734a 4500 |
| 082 04 - DEWEY DECIMAL CLASSIFICATION NUMBER | |
| Classification number | 629.45/4 |
| 100 1# - MAIN ENTRY--AUTHOR NAME | |
| Personal name | De Groot, Gerard J., |
| 245 10 - TITLE STATEMENT | |
| Title | Dark side of the moon |
| 260 ## - PUBLICATION, DISTRIBUTION, ETC. (IMPRINT) | |
| Place of publication | New York : |
| Name of publisher | New York University Press, |
| Year of publication | c2006. |
| 300 ## - PHYSICAL DESCRIPTION | |
| Number of Pages | xiv, 321 p. |
| 505 0# - FORMATTED CONTENTS NOTE | |
| Formatted contents note | Fly me to the moon -- Slaves to a dream -- What are we waiting for? -- Sputnik -- The red rockets glare -- Muttnik -- Rocket jocks -- Before this decade is out -- The sleep of reason produces monsters -- Lost in space -- Sacrifices on the altar of St. John -- Merry Christmas from the Moon -- Magnificent desolation -- Nothing left to do. |
| 650 #0 - SUBJECT ADDED ENTRY--TOPICAL TERM | |
| Topical Term | Space flight to the moon |
| 856 40 - ELECTRONIC LOCATION AND ACCESS | |
| Uniform Resource Identifier | http://site.ebrary.com/lib/rucke/Doc?id=10170581 |
No items available.
